Manual de contratos del Estado / [Pedro García Ortega]
ISBN:
84-7433-104-8
Publicado:
Madrid :
Ministerio de Obras Públicas y Urbanismo, Secretaría General Técnica, Servicio de Publicaciones ,
1980
Descripción Física:
628 p. ; 21 cm
Otros Autores:
Espanya. Ministerio de Obras Públicas y Urbanismo
MARC
| LEADER | 00000nam a2200000Ia 4500 | ||
|---|---|---|---|
| 001 | 14316 | ||
| 008 | 160829s1980 xx 000 0 cat d | ||
| 020 | |a 84-7433-104-8 | ||
| 080 | |a M-4-198 | ||
| 100 | |a García Ortega, Pedro |9 26767 | ||
| 245 | |a Manual de contratos del Estado / [Pedro García Ortega] | ||
| 260 | |a Madrid : |b Ministerio de Obras Públicas y Urbanismo, Secretaría General Técnica, Servicio de Publicaciones, |c 1980 | ||
| 300 | |a 628 p. ; |c 21 cm | ||
| 650 | |a Contractes administratius |x Espanya |9 23438 | ||
| 650 | |a Obres públiques |x Contractes i especificacions |9 26768 | ||
| 700 | |a Espanya. Ministerio de Obras Públicas y Urbanismo |9 26766 | ||
| 901 | |a Arxiu | ||
| 942 | |n 1 | ||
| 952 | |0 0 |1 0 |4 0 |6 M4198 |7 1 |9 44131 |a Arxiu |b Arxiu |d 2016-12-01 |l 0 |o M-4-198 |p 14316 |r 2016-12-01 00:00:00 |w 2016-12-01 |y ARXIU | ||
| 999 | |c 46711 |d 46711 | ||